MARC details
| 000 -LEADER |
| fixed length control field |
01739nam a2200457 a 4500 |
| 008 - FIXED-LENGTH DATA ELEMENTS--GENERAL INFORMATION |
| fixed length control field |
030923s2003 nyua j 000 1 eng d |
| 020 ## - INTERNATIONAL STANDARD BOOK NUMBER |
| International Standard Book Number |
0439559995 (pbk.) |
| 020 ## - INTERNATIONAL STANDARD BOOK NUMBER |
| International Standard Book Number |
0329343645 |
| 020 ## - INTERNATIONAL STANDARD BOOK NUMBER |
| International Standard Book Number |
9780439559997 |
| 020 ## - INTERNATIONAL STANDARD BOOK NUMBER |
| International Standard Book Number |
1413154824 |
| 020 ## - INTERNATIONAL STANDARD BOOK NUMBER |
| International Standard Book Number |
9780329343644 |
| 020 ## - INTERNATIONAL STANDARD BOOK NUMBER |
| International Standard Book Number |
9781413154825 |
| 040 ## - CATALOGING SOURCE |
| Original cataloging agency |
ICrlF |
| Transcribing agency |
ICrlF |
| Modifying agency |
ICrlF |
| 082 04 - DEWEY DECIMAL CLASSIFICATION NUMBER |
| Classification number |
[Fic] |
| Edition number |
22 |
| 035 ## - SYSTEM CONTROL NUMBER |
| System control number |
(IMchF)fol09039753 |
| 005 - DATE AND TIME OF LATEST TRANSACTION |
| control field |
20241220145421.0 |
| 001 - CONTROL NUMBER |
| control field |
91327 |
| 003 - CONTROL NUMBER IDENTIFIER |
| control field |
DCL |
| 100 1# - MAIN ENTRY--PERSONAL NAME |
| Personal name |
Dadey, Debbie. |
| 9 (RLIN) |
59941 |
| 245 10 - TITLE STATEMENT |
| Title |
Frankenstein doesn't start food fights / |
| Statement of responsibility, etc |
by Debbie Dadey and Marcia Thornton Jones ; illustrated by John Steven Gurney. |
| 246 3# - VARYING FORM OF TITLE |
| Title proper/short title |
Frankenstein does not start food fights |
| 260 ## - PUBLICATION, DISTRIBUTION, ETC. (IMPRINT) |
| Place of publication, distribution, etc |
New York : |
| Name of publisher, distributor, etc |
Scholastic, |
| Date of publication, distribution, etc |
c2003. |
| 300 ## - PHYSICAL DESCRIPTION |
| Extent |
64 p. : |
| Other physical details |
ill. ; |
| Dimensions |
20 cm. |
| 490 1# - SERIES STATEMENT |
| Series statement |
Adventures of the Bailey School kids ; |
| Volume number/sequential designation |
#47 |
| 500 ## - GENERAL NOTE |
| General note |
"A Little Apple paperback." |
| 500 ## - GENERAL NOTE |
| General note |
"RL3"--Cover p. [4]. |
| 500 ## - GENERAL NOTE |
| General note |
"007-010"--Cover p. [4]. |
| 520 ## - SUMMARY, ETC. |
| Summary, etc |
The Bailey School kids set out to discover if the man who sells cookies in the school cafeteria is really Frankenstein's monster. |
| 521 0# - TARGET AUDIENCE NOTE |
| Target audience note |
4.0 |
| Source |
Follett Library Resources |
| 521 2# - TARGET AUDIENCE NOTE |
| Target audience note |
3-6 |
| Source |
Follett Library Resources |
| 650 #1 - SUBJECT ADDED ENTRY--TOPICAL TERM |
| Topical term or geographic name as entry element |
Frankenstein (Fictitious character) |
| Form subdivision |
Fiction. |
| 9 (RLIN) |
6400398 |
| 650 #1 - SUBJECT ADDED ENTRY--TOPICAL TERM |
| Topical term or geographic name as entry element |
Monsters |
| Form subdivision |
Fiction. |
| 9 (RLIN) |
5674164 |
| 650 #1 - SUBJECT ADDED ENTRY--TOPICAL TERM |
| Topical term or geographic name as entry element |
Schools |
| Form subdivision |
Fiction. |
| 9 (RLIN) |
5673727 |
| 650 #7 - SUBJECT ADDED ENTRY--TOPICAL TERM |
| Topical term or geographic name as entry element |
Frankenstein (Fictional character) |
| Form subdivision |
Fiction. |
| Source of heading or term |
sears |
| 9 (RLIN) |
6521050 |
| 650 #7 - SUBJECT ADDED ENTRY--TOPICAL TERM |
| Topical term or geographic name as entry element |
Monsters |
| Form subdivision |
Fiction. |
| Source of heading or term |
sears |
| 9 (RLIN) |
5674164 |
| 650 #7 - SUBJECT ADDED ENTRY--TOPICAL TERM |
| Topical term or geographic name as entry element |
School stories. |
| Source of heading or term |
sears |
| 9 (RLIN) |
6305830 |
| 700 1# - ADDED ENTRY--PERSONAL NAME |
| Personal name |
Jones, Marcia Thornton. |
| 9 (RLIN) |
59935 |
| 700 1# - ADDED ENTRY--PERSONAL NAME |
| Personal name |
Gurney, John Steven, |
| Dates associated with a name |
1962- |
| Relator term |
ill. |
| 9 (RLIN) |
22994 |
| 800 1# - SERIES ADDED ENTRY--PERSONAL NAME |
| Personal name |
Dadey, Debbie. |
| Title of a work |
Adventures of the Bailey School kids ; |
| Volume/sequential designation |
#47. |
| 9 (RLIN) |
65138 |
| 942 ## - ADDED ENTRY ELEMENTS (KOHA) |
| Koha item type |
UNKNOWN |